00867nam a22002657a 4500003000900000005001700009008004200026020001500068020001800083040002200101100002500123240003300148245006900181260003800250300002200288490002500310586002600335700002300361830002500384942001200409945002700421952010300448956003300551999001700584DO-SdBNP20180214132817.0180214b 2000 sp ||||| |||| 00| 0 spa d a8466300112 a9788466300117 aBPMSUbspacBPMSU1 aRoth, Philip,d1933-10aAmerican pastorallEspañol10aPastoral americana /cPhilip Roth ; [traducción: Jordi Fibla]. aMadrid :bSuma de Letras, c2000. a546 p. ; c18 cm.1 aPunto de lecturav67 aPremio Pulitzer 1998.12aFibla, Jordi,etr. 0aPunto de lecturav67 2ddccBK aInventariado, 2018 /LP 00102ddc40708CGaBPMETbBPMETd2018-02-14eFUNDIl0pBPMSU18020146r2018-02-14w2018-02-14yBK aLOREPEZb10c20180214hBPMSU c13291d13291